[Event "Championnat de la Réunion Individuel 2026"]
[Site "Reunion"]
[Date "????.??.??"]
[Round "6.3"]
[White "MANSARD, Grégoire"]
[Black "LAMBERT HOAREAU, Guillaume"]
[Result "0-1"]
[WhiteTitle "-"]
[BlackTitle "-"]
[WhiteFideId "-"]
[BlackFideId "-"]
[WhiteElo "1715"]
[BlackElo "1901"]

1. d4 {[%clk 01:15:57]} {[%emt 00:00:02]} d5 {[%clk 01:15:55]} {[%emt
00:00:06]} 2. c4 {[%clk 01:16:05]} {[%emt 00:00:21]} e6 {[%clk 01:16:16]}
{[%emt 00:00:09]} 3. Nc3 {[%clk 01:16:22]} {[%emt 00:00:13]} Nf6 {[%clk
01:16:40]} {[%emt 00:00:06]} 4. Nf3 {[%clk 01:16:44]} {[%emt 00:00:08]} Nbd7
{[%clk 01:17:00]} {[%emt 00:00:11]} 5. e3 {[%clk 01:16:32]} {[%emt 00:00:42]}
b6 {[%clk 01:16:02]} {[%emt 00:01:28]} 6. cxd5 {[%clk 01:16:42]} {[%emt
00:00:18]} exd5 {[%clk 01:16:23]} {[%emt 00:00:10]} 7. Bd3 {[%clk 01:14:42]}
{[%emt 00:02:31]} Bb7 {[%clk 01:15:51]} {[%emt 00:01:02]} 8. O-O {[%clk
01:14:25]} {[%emt 00:00:46]} Bd6 {[%clk 01:13:47]} {[%emt 00:02:36]} 9. Bd2
{[%clk 01:11:31]} {[%emt 00:03:23]} O-O {[%clk 01:13:15]} {[%emt 00:01:02]} 10.
a4 {[%clk 01:04:44]} {[%emt 00:07:17]} a6 {[%clk 01:11:33]} {[%emt 00:02:12]}
11. Re1 {[%clk 01:02:04]} {[%emt 00:03:09]} Re8 {[%clk 01:10:21]} {[%emt
00:01:43]} 12. Qb1 {[%clk 00:57:14]} {[%emt 00:05:19]} Ne4 {[%clk 01:06:42]}
{[%emt 00:04:09]} 13. b4 {[%clk 00:54:03]} {[%emt 00:03:41]} Ndf6 {[%clk
01:05:37]} {[%emt 00:01:35]} 14. h3 {[%clk 00:52:32]} {[%emt 00:02:01]} h6
{[%clk 01:05:25]} {[%emt 00:00:42]} 15. Qb3 {[%clk 00:49:48]} {[%emt 00:03:14]}
Qe7 {[%clk 01:01:23]} {[%emt 00:04:32]} 16. Reb1 {[%clk 00:46:32]} {[%emt
00:03:46]} Nxc3 {[%clk 00:58:07]} {[%emt 00:03:46]} 17. Bxc3 {[%clk 00:46:06]}
{[%emt 00:00:56]} Ne4 {[%clk 00:58:10]} {[%emt 00:00:27]} 18. b5 {[%clk
00:36:39]} {[%emt 00:09:57]} Nxf2 {[%clk 00:51:11]} {[%emt 00:07:28]} 19. Bd2
{[%clk 00:26:39]} {[%emt 00:10:29]} Ne4 {[%clk 00:44:25]} {[%emt 00:07:16]} 20.
Re1 {[%clk 00:21:02]} {[%emt 00:06:08]} axb5 {[%clk 00:42:55]} {[%emt
00:02:01]} 21. Bxb5 {[%clk 00:21:00]} {[%emt 00:00:32]} Rec8 {[%clk 00:42:22]}
{[%emt 00:01:03]} 22. Rac1 {[%clk 00:18:03]} {[%emt 00:03:25]} Bg3 {[%clk
00:37:36]} {[%emt 00:05:18]} 23. Re2 {[%clk 00:17:23]} {[%emt 00:01:10]} c6
{[%clk 00:34:28]} {[%emt 00:03:38]} 24. Bd3 {[%clk 00:17:12]} {[%emt 00:00:40]}
Ba6 {[%clk 00:32:59]} {[%emt 00:02:00]} 25. Bxa6 {[%clk 00:16:26]} {[%emt
00:01:17]} Rxa6 {[%clk 00:33:24]} {[%emt 00:00:05]} 26. Rc2 {[%clk 00:13:45]}
{[%emt 00:03:10]} Qd7 {[%clk 00:31:03]} {[%emt 00:02:51]} 27. Be1 {[%clk
00:12:42]} {[%emt 00:01:33]} Bd6 {[%clk 00:21:45]} {[%emt 00:09:49]} 28. Nd2
{[%clk 00:11:32]} {[%emt 00:01:40]} Nxd2 {[%clk 00:18:07]} {[%emt 00:04:08]} 29.
Rexd2 {[%clk 00:11:15]} {[%emt 00:00:46]} Qe6 {[%clk 00:17:22]} {[%emt
00:01:16]} 30. Re2 {[%clk 00:09:49]} {[%emt 00:01:55]} c5 {[%clk 00:15:34]}
{[%emt 00:02:18]} 31. Bc3 {[%clk 00:06:25]} {[%emt 00:03:54]} Rca8 {[%clk
00:14:28]} {[%emt 00:01:36]} 32. Ra2 {[%clk 00:05:48]} {[%emt 00:01:07]} Qd7
{[%clk 00:14:16]} {[%emt 00:00:42]} 33. dxc5 {[%clk 00:04:57]} {[%emt
00:01:21]} Bxc5 {[%clk 00:14:33]} {[%emt 00:00:14]} 34. Bd4 {[%clk 00:03:00]}
{[%emt 00:02:26]} Rxa4 {[%clk 00:12:33]} {[%emt 00:02:29]} 35. Bxc5 {[%clk
00:02:27]} {[%emt 00:01:03]} Rxa2 {[%clk 00:11:56]} {[%emt 00:01:08]} 36. Rxa2
{[%clk 00:02:46]} {[%emt 00:00:10]} Rxa2 {[%clk 00:12:23]} {[%emt 00:00:03]} 37.
Qxa2 {[%clk 00:02:55]} {[%emt 00:00:21]} bxc5 {[%clk 00:12:49]} {[%emt
00:00:04]} 38. Qd2 {[%clk 00:03:00]} {[%emt 00:00:25]} Qe6 {[%clk 00:12:09]}
{[%emt 00:01:10]} 39. Qc3 {[%clk 00:03:05]} {[%emt 00:00:26]} c4 {[%clk
00:11:53]} {[%emt 00:00:46]} 40. Kf2 {[%clk 00:02:11]} {[%emt 00:01:24]} Qf6+
{[%clk 00:10:59]} {[%emt 00:01:24]} 41. Qxf6 {[%clk 00:02:28]} {[%emt
00:00:13]} gxf6 {[%clk 00:11:24]} {[%emt 00:00:05]} 42. g4 {[%clk 00:02:20]}
{[%emt 00:00:38]} Kf8 {[%clk 00:11:45]} {[%emt 00:00:10]} 43. Kf3 {[%clk
00:02:00]} {[%emt 00:00:50]} Ke7 {[%clk 00:12:08]} {[%emt 00:00:06]} 44. h4
{[%clk 00:01:59]} {[%emt 00:00:30]} Ke6 {[%clk 00:12:34]} {[%emt 00:00:05]} 45.
e4 {[%clk 00:01:15]} {[%emt 00:01:14]} d4 {[%clk 00:12:53]} {[%emt 00:00:11]}
46. h5 {[%clk 00:01:11]} {[%emt 00:00:33]} Ke5 {[%clk 00:13:16]} {[%emt
00:00:08]} 47. g5 {[%clk 00:01:07]} {[%emt 00:00:34]} fxg5 {[%clk 00:13:37]}
{[%emt 00:00:09]} 48. Ke2 {[%clk 00:01:18]} {[%emt 00:00:19]} Kxe4 {[%clk
00:13:59]} {[%emt 00:00:08]} 49. Kd2 {[%clk 00:01:39]} {[%emt 00:00:09]} c3+
{[%clk 00:14:13]} {[%emt 00:00:16]} 50. Kd1 {[%clk 00:02:01]} {[%emt 00:00:08]}
Kd3 {[%clk 00:14:37]} {[%emt 00:00:06]} 51. Kc1 {[%clk 00:02:19]} {[%emt
00:00:11]} c2 {[%clk 00:15:01]} {[%emt 00:00:07]} 52. Kb2 {[%clk 00:02:38]}
{[%emt 00:00:10]} Kd2 {[%clk 00:15:28]} {[%emt 00:00:04]} 53. Ka2 {[%clk
00:02:59]} {[%emt 00:00:08]} c1=Q {[%clk 00:15:50]} {[%emt 00:00:09]} 54. Kb3
{[%clk 00:03:22]} {[%emt 00:00:06]} Qc5 {[%clk 00:15:59]} {[%emt 00:00:21]} 55.
Ka4 {[%clk 00:03:36]} {[%emt 00:00:15]} Qb6 {[%clk 00:16:21]} {[%emt 00:00:09]}
56. Ka3 {[%clk 00:03:59]} {[%emt 00:00:07]} Kc3 {[%clk 00:16:49]} {[%emt
00:00:01]} 57. Ka2 {[%clk 00:04:19]} {[%emt 00:00:10]} Qb2# {[%emt 00:00:06]}
0-1

[Event "Championnat de la Réunion Individuel 2026"]
[Site "Reunion"]
[Date "????.??.??"]
[Round "6.4"]
[White "PAYET, Thomas"]
[Black "MEZOUAGHI, Miloud"]
[Result "0-1"]
[WhiteTitle "-"]
[BlackTitle "-"]
[WhiteFideId "-"]
[BlackFideId "-"]
[WhiteElo "1730"]
[BlackElo "1994"]

1. e4 {[%clk 01:15:57]} {[%emt 00:00:03]} c5 {[%clk 01:15:18]} {[%emt
00:00:43]} 2. Nf3 {[%clk 01:16:22]} {[%emt 00:00:05]} d6 {[%clk 01:15:41]}
{[%emt 00:00:07]} 3. d4 {[%clk 01:16:47]} {[%emt 00:00:04]} cxd4 {[%clk
01:16:05]} {[%emt 00:00:06]} 4. Nxd4 {[%clk 01:17:12]} {[%emt 00:00:05]} Nf6
{[%clk 01:16:31]} {[%emt 00:00:04]} 5. Nc3 {[%clk 01:17:38]} {[%emt 00:00:04]}
a6 {[%clk 01:16:54]} {[%emt 00:00:07]} 6. f3 {[%clk 01:18:03]} {[%emt
00:00:04]} e6 {[%clk 01:12:12]} {[%emt 00:05:12]} 7. Be3 {[%clk 01:18:28]}
{[%emt 00:00:05]} Qc7 {[%clk 01:11:39]} {[%emt 00:01:04]} 8. Qd2 {[%clk
01:18:14]} {[%emt 00:00:45]} Bd7 {[%clk 01:03:07]} {[%emt 00:09:02]} 9. g4
{[%clk 01:17:14]} {[%emt 00:01:29]} h6 {[%clk 01:02:35]} {[%emt 00:01:02]} 10.
h4 {[%clk 01:15:20]} {[%emt 00:02:24]} Nc6 {[%clk 01:01:20]} {[%emt 00:01:45]}
11. O-O-O {[%clk 01:14:36]} {[%emt 00:01:14]} Nxd4 {[%clk 00:41:19]} {[%emt
00:20:31]} 12. Bxd4 {[%clk 01:14:48]} {[%emt 00:00:17]} Bc6 {[%clk 00:41:37]}
{[%emt 00:00:13]} 13. Bg2 {[%clk 01:06:18]} {[%emt 00:08:59]} Nd7 {[%clk
00:28:52]} {[%emt 00:13:15]} 14. f4 {[%clk 00:57:22]} {[%emt 00:09:26]} b5
{[%clk 00:24:53]} {[%emt 00:04:29]} 15. Qf2 {[%clk 00:49:58]} {[%emt 00:07:54]}
b4 {[%clk 00:22:52]} {[%emt 00:02:32]} 16. Ne2 {[%clk 00:49:30]} {[%emt
00:00:58]} a5 {[%clk 00:14:11]} {[%emt 00:09:11]} 17. g5 {[%clk 00:47:09]}
{[%emt 00:02:50]} a4 {[%clk 00:13:28]} {[%emt 00:01:13]} 18. Kb1 {[%clk
00:44:02]} {[%emt 00:03:37]} e5 {[%clk 00:08:11]} {[%emt 00:05:48]} 19. Be3
{[%clk 00:41:12]} {[%emt 00:03:19]} a3 {[%clk 00:08:04]} {[%emt 00:00:37]} 20.
b3 {[%clk 00:39:40]} {[%emt 00:02:02]} g6 {[%clk 00:01:47]} {[%emt 00:06:47]}
21. Rhf1 {[%clk 00:36:56]} {[%emt 00:03:13]} Bb5 {[%clk 00:01:22]} {[%emt
00:00:57]} 22. Rd5 {[%clk 00:35:45]} {[%emt 00:01:40]} Bxe2 {[%clk 00:01:24]}
{[%emt 00:00:28]} 23. Qxe2 {[%clk 00:35:49]} {[%emt 00:00:26]} exf4 {[%clk
00:01:18]} {[%emt 00:00:36]} 24. Bxf4 {[%clk 00:35:26]} {[%emt 00:00:52]} Ne5
{[%clk 00:00:50]} {[%emt 00:01:00]} 25. Bxe5 {[%clk 00:33:38]} {[%emt
00:02:17]} Be7 {[%clk 00:00:32]} {[%emt 00:00:49]} 26. Qb5+ {[%clk 00:33:30]}
{[%emt 00:00:37]} Kf8 {[%clk 00:00:47]} {[%emt 00:00:15]} 27. Bxh8 {[%clk
00:32:30]} {[%emt 00:01:29]} Rc8 {[%clk 00:00:59]} {[%emt 00:00:19]} 28. Qe2
{[%clk 00:31:38]} {[%emt 00:01:22]} Kg8 {[%clk 00:01:18]} {[%emt 00:00:12]} 29.
Bf6 {[%clk 00:31:22]} {[%emt 00:00:46]} Bxf6 {[%clk 00:01:35]} {[%emt
00:00:13]} 30. Rxf6 {[%clk 00:31:36]} {[%emt 00:00:15]} Qc3 {[%clk 00:01:57]}
{[%emt 00:00:09]} 31. Kc1 {[%clk 00:31:00]} {[%emt 00:01:06]} Qb2+ {[%clk
00:02:13]} {[%emt 00:00:14]} 32. Kd1 {[%clk 00:30:52]} {[%emt 00:00:38]} Qb1+
{[%clk 00:02:32]} {[%emt 00:00:11]} 33. Kd2 {[%clk 00:31:15]} {[%emt 00:00:06]}
Rxc2+ {[%clk 00:02:33]} {[%emt 00:00:30]} 34. Ke3 {[%clk 00:31:28]} {[%emt
00:00:16]} Rxe2+ {[%clk 00:02:00]} {[%emt 00:01:03]} 35. Kxe2 {[%clk 00:31:53]}
{[%emt 00:00:04]} Qxa2+ {[%clk 00:02:10]} {[%emt 00:00:20]} 36. Rd2 {[%clk
00:32:03]} {[%emt 00:00:21]} Qxb3 {[%clk 00:02:16]} {[%emt 00:00:24]} 37. Rfxd6
{[%clk 00:31:53]} {[%emt 00:00:39]} a2 {[%clk 00:02:07]} {[%emt 00:00:39]} 38.
Rd8+ {[%clk 00:31:46]} {[%emt 00:00:37]} Kg7 {[%clk 00:02:14]} {[%emt
00:00:23]} 39. Ra8 {[%clk 00:31:32]} {[%emt 00:00:44]} Qc4+ {[%clk 00:02:27]}
{[%emt 00:00:18]} 40. Ke3 {[%clk 00:31:27]} {[%emt 00:00:34]} Qc3+ {[%clk
00:02:04]} {[%emt 00:00:53]} 41. Rd3 {[%clk 00:31:24]} {[%emt 00:00:34]} Qc1+
{[%clk 00:01:53]} {[%emt 00:00:41]} 42. Kd4 {[%clk 00:31:44]} {[%emt 00:00:09]}
a1=Q+ {[%clk 00:02:08]} {[%emt 00:00:16]} 43. Rxa1 {[%clk 00:32:07]} {[%emt
00:00:06]} Qxa1+ {[%clk 00:02:35]} {[%emt 00:00:03]} 44. Kc5 {[%clk 00:32:13]}
{[%emt 00:00:24]} Qc3+ {[%clk 00:01:58]} {[%emt 00:01:07]} 45. Kd4 {[%emt
00:00:32]} 0-1

[Event "Championnat de la Réunion Individuel 2026"]
[Site "Reunion"]
[Date "????.??.??"]
[Round "7.2"]
[White "HOARAU, Antoine"]
[Black "PAYET, Nathan"]
[Result "0-1"]
[WhiteTitle "-"]
[BlackTitle "-"]
[WhiteFideId "-"]
[BlackFideId "-"]
[WhiteElo "1820"]
[BlackElo "1913"]

1. d4 {[%clk 00:12:03]} {[%emt 00:00:02]} Nf6 {[%clk 00:12:05]} {[%emt
00:00:01]} 2. c4 {[%clk 00:11:47]} {[%emt 00:00:19]} g6 {[%clk 00:12:07]}
{[%emt 00:00:01]} 3. f3 {[%clk 00:11:49]} {[%emt 00:00:01]} Bg7 {[%clk
00:12:09]} {[%emt 00:00:01]} 4. e4 {[%clk 00:11:51]} {[%emt 00:00:01]} d6
{[%clk 00:12:11]} {[%emt 00:00:01]} 5. Nc3 {[%clk 00:11:52]} {[%emt 00:00:01]}
e5 {[%clk 00:12:13]} {[%emt 00:00:01]} 6. Nge2 {[%clk 00:11:52]} {[%emt
00:00:03]} O-O {[%clk 00:12:02]} {[%emt 00:00:13]} 7. Be3 {[%clk 00:11:53]}
{[%emt 00:00:02]} Nbd7 {[%clk 00:11:57]} {[%emt 00:00:08]} 8. Qd2 {[%clk
00:11:36]} {[%emt 00:00:20]} c6 {[%clk 00:11:59]} {[%emt 00:00:01]} 9. d5
{[%clk 00:11:35]} {[%emt 00:00:04]} cxd5 {[%clk 00:12:01]} {[%emt 00:00:02]} 10.
cxd5 {[%clk 00:11:36]} {[%emt 00:00:02]} Nc5 {[%clk 00:11:58]} {[%emt
00:00:06]} 11. b4 {[%clk 00:11:34]} {[%emt 00:00:04]} Ncd7 {[%clk 00:11:59]}
{[%emt 00:00:02]} 12. g4 {[%clk 00:11:16]} {[%emt 00:00:21]} h5 {[%clk
00:11:44]} {[%emt 00:00:18]} 13. h3 {[%clk 00:10:47]} {[%emt 00:00:32]} Nb6
{[%clk 00:10:59]} {[%emt 00:00:49]} 14. Nc1 {[%clk 00:10:34]} {[%emt 00:00:16]}
Bd7 {[%clk 00:10:36]} {[%emt 00:00:26]} 15. Nb3 {[%clk 00:08:54]} {[%emt
00:01:43]} Rc8 {[%clk 00:08:32]} {[%emt 00:02:07]} 16. Na5 {[%clk 00:08:44]}
{[%emt 00:00:13]} Re8 {[%clk 00:07:47]} {[%emt 00:00:48]} 17. Bg5 {[%clk
00:07:10]} {[%emt 00:01:37]} Rxc3 {[%clk 00:05:50]} {[%emt 00:02:00]} 18. Qxc3
{[%clk 00:06:26]} {[%emt 00:00:47]} Nxe4 {[%clk 00:05:37]} {[%emt 00:00:16]} 19.
Bxd8 {[%clk 00:05:55]} {[%emt 00:00:34]} Nxc3 {[%clk 00:05:38]} {[%emt
00:00:01]} 20. Bxb6 {[%clk 00:05:25]} {[%emt 00:00:33]} axb6 {[%clk 00:05:37]}
{[%emt 00:00:05]} 21. Nc4 {[%clk 00:04:30]} {[%emt 00:00:58]} e4 {[%clk
00:04:05]} {[%emt 00:01:35]} 22. Nxd6 {[%clk 00:03:17]} {[%emt 00:01:16]} Re7
{[%clk 00:03:12]} {[%emt 00:00:56]} 23. Rc1 {[%clk 00:02:51]} {[%emt 00:00:28]}
exf3+ {[%clk 00:03:03]} {[%emt 00:00:13]} 24. Kf2 {[%clk 00:02:42]} {[%emt
00:00:11]} Nxd5 {[%clk 00:02:52]} {[%emt 00:00:14]} 25. Bc4 {[%clk 00:02:11]}
{[%emt 00:00:34]} Nxb4 {[%clk 00:02:07]} {[%emt 00:00:48]} 26. Bxf7+ {[%clk
00:01:46]} {[%emt 00:00:28]} Rxf7 {[%clk 00:01:49]} {[%emt 00:00:21]} 27. Nxf7
{[%clk 00:01:48]} {[%emt 00:00:01]} Nd3+ {[%clk 00:01:52]} 28. Kxf3 {[%clk
00:01:35]} {[%emt 00:00:16]} hxg4+ {[%clk 00:01:21]} {[%emt 00:00:34]} 29. hxg4
{[%clk 00:01:32]} {[%emt 00:00:06]} Nxc1 {[%clk 00:01:20]} {[%emt 00:00:04]} 30.
Rxc1 {[%clk 00:01:19]} {[%emt 00:00:16]} Kxf7 {[%clk 00:01:19]} {[%emt
00:00:05]} 31. Rc7 {[%clk 00:01:06]} {[%emt 00:00:17]} Ke6 {[%clk 00:01:07]}
{[%emt 00:00:15]} 32. Ke3 {[%clk 00:00:50]} {[%emt 00:00:18]} Bh6+ {[%clk
00:00:58]} {[%emt 00:00:13]} 33. Kd4 {[%clk 00:00:29]} {[%emt 00:00:24]} Bc6
{[%clk 00:00:57]} {[%emt 00:00:04]} 34. Rh7 {[%clk 00:00:27]} {[%emt 00:00:04]}
Bc1 {[%clk 00:00:57]} {[%emt 00:00:03]} 35. Rh1 {[%clk 00:00:24]} {[%emt
00:00:05]} Bxh1 {[%clk 00:00:58]} {[%emt 00:00:03]} 36. Kd3 {[%clk 00:00:21]}
{[%emt 00:00:06]} Bc6 {[%clk 00:00:59]} {[%emt 00:00:02]} 37. Kc2 {[%clk
00:00:23]} {[%emt 00:00:02]} Bh6 {[%clk 00:01:00]} 38. Kd3 {[%clk 00:00:25]}
Kd5 {[%clk 00:01:03]} 39. Kc3 {[%clk 00:00:27]} {[%emt 00:00:01]} Bb5 {[%clk
00:01:04]} 40. Kb4 {[%clk 00:00:29]} Kc6 {[%clk 00:01:07]} 41. a4 {[%clk
00:00:32]} Bf1 {[%clk 00:01:08]} {[%emt 00:00:02]} 42. Kc3 {[%clk 00:00:33]}
{[%emt 00:00:02]} Bg7+ {[%clk 00:01:09]} {[%emt 00:00:02]} 43. Kd2 {[%clk
00:00:34]} {[%emt 00:00:02]} b5 {[%clk 00:01:11]} {[%emt 00:00:01]} 44. axb5+
{[%clk 00:00:36]} {[%emt 00:00:01]} Bxb5 {[%clk 00:01:13]} {[%emt 00:00:01]} 45.
Ke3 {[%clk 00:00:37]} {[%emt 00:00:02]} Kd5 {[%clk 00:01:13]} {[%emt 00:00:03]}
46. Kf4 {[%clk 00:00:39]} Bf6 {[%clk 00:01:15]} {[%emt 00:00:01]} 47. g5 {[%clk
00:00:39]} {[%emt 00:00:03]} Be7 {[%clk 00:01:17]} {[%emt 00:00:01]} 48. Kg4
{[%clk 00:00:41]} {[%emt 00:00:02]} Bd7+ {[%clk 00:01:19]} {[%emt 00:00:01]} 49.
Kf4 {[%clk 00:00:43]} Bd6+ {[%clk 00:01:21]} {[%emt 00:00:02]} 50. Ke3 {[%clk
00:00:44]} {[%emt 00:00:01]} Bf5 {[%clk 00:01:23]} {[%emt 00:00:01]} 51. Kf3
{[%clk 00:00:44]} {[%emt 00:00:02]} Be5 {[%clk 00:01:24]} {[%emt 00:00:02]} 52.
Ke3 {[%clk 00:00:46]} {[%emt 00:00:01]} b5 {[%clk 00:01:26]} 53. Kd2 {[%clk
00:00:47]} {[%emt 00:00:02]} b4 {[%clk 00:01:28]} {[%emt 00:00:01]} 54. Ke3
{[%clk 00:00:39]} {[%emt 00:00:11]} b3 {[%clk 00:01:29]} {[%emt 00:00:02]} 55.
Kf3 {[%clk 00:00:40]} {[%emt 00:00:02]} b2 {[%clk 00:01:31]} {[%emt 00:00:01]}
56. Kg2 {[%clk 00:00:39]} {[%emt 00:00:03]} b1=Q {[%emt 00:00:03]} 57. Kf2
{[%clk 00:00:40]} Bd4+ {[%clk 00:01:33]} {[%emt 00:00:02]} 58. Kf3 {[%clk
00:00:41]} {[%emt 00:00:02]} Qe4+ {[%clk 00:00:00]} {[%emt 00:00:12]} 59. Kg3
{[%clk 00:00:43]} {[%emt 00:00:22]} Qg4+ {[%clk 00:02:29]} {[%emt 00:00:04]} 60.
Kh2 {[%clk 00:00:44]} {[%emt 00:00:02]} Be5+ {[%clk 00:02:31]} {[%emt
00:00:01]} 61. Kh1 {[%clk 00:00:46]} {[%emt 00:00:01]} Be4# {[%clk 00:02:33]}
0-1

[Event "Championnat de la Réunion Individuel 2026"]
[Site "Reunion"]
[Date "????.??.??"]
[Round "8.2"]
[White "PAYET, Nathan"]
[Black "HOARAU, Antoine"]
[Result "1-0"]
[WhiteTitle "-"]
[BlackTitle "-"]
[WhiteFideId "-"]
[BlackFideId "-"]
[WhiteElo "1913"]
[BlackElo "1820"]

1. e4 {[%clk 00:12:01]} {[%emt 00:00:04]} c5 {[%clk 00:12:06]} {[%emt
00:00:01]} 2. Nf3 {[%clk 00:11:52]} {[%emt 00:00:11]} Nc6 {[%clk 00:12:06]}
{[%emt 00:00:02]} 3. d4 {[%clk 00:11:54]} {[%emt 00:00:01]} cxd4 {[%clk
00:12:08]} {[%emt 00:00:01]} 4. Nxd4 {[%clk 00:11:55]} {[%emt 00:00:01]} g6
{[%clk 00:12:10]} {[%emt 00:00:01]} 5. c4 {[%clk 00:11:57]} Bg7 {[%clk
00:12:12]} {[%emt 00:00:01]} 6. Be3 {[%clk 00:11:59]} {[%emt 00:00:02]} Qb6
{[%clk 00:12:14]} 7. Nb5 {[%clk 00:11:56]} {[%emt 00:00:06]} Qa5+ {[%clk
00:12:17]} 8. N5c3 {[%clk 00:11:58]} d6 {[%clk 00:12:11]} {[%emt 00:00:09]} 9.
Be2 {[%clk 00:11:57]} {[%emt 00:00:03]} Qb4 {[%clk 00:11:24]} {[%emt 00:00:51]}
10. Qc1 {[%clk 00:11:59]} {[%emt 00:00:01]} Be6 {[%clk 00:11:12]} {[%emt
00:00:15]} 11. a3 {[%clk 00:11:37]} {[%emt 00:00:26]} Qa5 {[%clk 00:11:03]}
{[%emt 00:00:11]} 12. Ra2 {[%clk 00:11:33]} {[%emt 00:00:07]} Nf6 {[%clk
00:09:38]} {[%emt 00:01:28]} 13. O-O {[%clk 00:11:08]} {[%emt 00:00:27]} Ng4
{[%clk 00:09:22]} {[%emt 00:00:20]} 14. Bxg4 {[%clk 00:10:14]} {[%emt
00:00:57]} Bxg4 {[%clk 00:09:19]} {[%emt 00:00:06]} 15. b4 {[%clk 00:09:55]}
{[%emt 00:00:23]} Qh5 {[%clk 00:08:11]} {[%emt 00:01:11]} 16. f3 {[%clk
00:08:12]} {[%emt 00:01:46]} Bd7 {[%clk 00:06:20]} {[%emt 00:01:54]} 17. Nd5
{[%clk 00:07:19]} {[%emt 00:00:56]} Rc8 {[%clk 00:05:26]} {[%emt 00:00:57]} 18.
Nf4 {[%clk 00:07:03]} {[%emt 00:00:18]} Qe5 {[%clk 00:04:17]} {[%emt 00:01:11]}
19. Rd1 {[%clk 00:05:53]} {[%emt 00:01:14]} O-O {[%clk 00:03:32]} {[%emt
00:00:48]} 20. Rd5 {[%clk 00:05:29]} {[%emt 00:00:27]} Qf6 {[%clk 00:03:25]}
{[%emt 00:00:10]} 21. Ne2 {[%clk 00:04:43]} {[%emt 00:00:48]} Ne5 {[%clk
00:02:31]} {[%emt 00:00:57]} 22. Rc2 {[%clk 00:03:49]} {[%emt 00:00:58]} Be6
{[%clk 00:02:12]} {[%emt 00:00:22]} 23. Rd4 {[%clk 00:02:01]} {[%emt 00:01:51]}
Qh4 {[%clk 00:01:05]} {[%emt 00:01:10]} 24. Bg5 {[%clk 00:01:30]} {[%emt
00:00:34]} Nxf3+ {[%clk 00:00:47]} {[%emt 00:00:21]} 25. gxf3 {[%clk 00:01:25]}
{[%emt 00:00:08]} Qh3 {[%clk 00:00:34]} {[%emt 00:00:15]} 26. Rd3 {[%clk
00:00:54]} {[%emt 00:00:34]} Be5 {[%clk 00:00:36]} {[%emt 00:00:01]} 27. Nf4
Bxf4 {[%clk 00:00:25]} 28. Bxf4 {[%clk 00:00:50]} {[%emt 00:00:01]} f5 {[%clk
00:00:20]} {[%emt 00:00:08]} 29. e5 {[%clk 00:00:40]} {[%emt 00:00:13]} Rfd8
{[%clk 00:00:09]} {[%emt 00:00:13]} 30. exd6 {[%clk 00:00:41]} {[%emt
00:00:02]} exd6 {[%clk 00:00:11]} {[%emt 00:00:02]} 31. Qe1 {[%clk 00:00:25]}
{[%emt 00:00:19]} Bxc4 {[%clk 00:00:08]} {[%emt 00:00:06]} 32. Rxc4 {[%clk
00:00:25]} {[%emt 00:00:03]} Rxc4 {[%clk 00:00:09]} {[%emt 00:00:01]} 33. Qe6+
{[%clk 00:00:27]} {[%emt 00:00:01]} Kg7 {[%clk 00:00:07]} {[%emt 00:00:06]} 34.
Qxc4 {[%clk 00:00:25]} {[%emt 00:00:05]} Re8 {[%clk 00:00:05]} {[%emt
00:00:05]} 35. Qc3+ {[%clk 00:00:25]} {[%emt 00:00:03]} Kg8 {[%clk 00:00:08]}
36. Rd1 {[%clk 00:00:23]} {[%emt 00:00:04]} Re2 {[%clk 00:00:08]} {[%emt
00:00:02]} 37. Qc4+ {[%clk 00:00:23]} {[%emt 00:00:04]} d5 {[%clk 00:00:07]}
{[%emt 00:00:04]} 38. Qxe2 {[%clk 00:00:24]} {[%emt 00:00:02]} Kg7 {[%clk
00:00:06]} {[%emt 00:00:04]} 39. Qe7+ {[%clk 00:00:26]} {[%emt 00:00:01]} Kg8
{[%clk 00:00:08]} 40. Qe6+ {[%clk 00:00:28]} {[%emt 00:00:01]} Kg7 {[%clk
00:00:09]} {[%emt 00:00:02]} 41. Be5+ {[%clk 00:00:30]} {[%emt 00:00:01]} Kh6
{[%clk 00:00:10]} 42. Bg3 {[%clk 00:00:31]} {[%emt 00:00:02]} f4 {[%clk
00:00:09]} {[%emt 00:00:05]} 43. Bxf4+ {[%clk 00:00:31]} {[%emt 00:00:03]} Kh5
{[%clk 00:00:08]} {[%emt 00:00:03]} 44. Qxh3# {[%clk 00:00:33]} {[%emt
00:00:01]} 1-0